| 000 | 00516nam a22001937a 4500 | ||
|---|---|---|---|
| 999 |
_c7670 _d7670 |
||
| 003 | OSt | ||
| 005 | 20220203133035.0 | ||
| 008 | 220203b ||||| |||| 00| 0 eng d | ||
| 020 | _a0-521-62724-9 | ||
| 040 | _cDDC | ||
| 082 | _a303.48 THO 1998 | ||
| 100 |
_aThornton, John _915676 |
||
| 245 | _aAfrica and Africans in the making of the Atlantic world, 1400-1800 | ||
| 250 | _a2nd ed. | ||
| 260 |
_aNew York: _bCambridge University _cC1998 |
||
| 300 |
_axxxvi,340p. _c23 cm |
||
| 504 | _aIndex | ||
| 942 |
_2ddc _cBOOK |
||